A vida de Rui Barbosa.
Saved in:
| Main Author: | |
|---|---|
| Format: | Book |
| Language: | Portuguese |
| Published: |
S. Paulo [etc.]
Companhia editora nacional,
1941.
|
| Series: | Biblioteca do espírito moderno. História e biografia ;
v. 17. |
| Subjects: | |
| Tags: |
Add Tag
No Tags, Be the first to tag this record!
|
| LEADER | 00714nam a2200205K 4500 | ||
|---|---|---|---|
| 001 | 006830397-1 | ||
| 005 | 20020606163548.3 | ||
| 008 | 910325s1941 bl ch 000 0bpor d | ||
| 035 | 0 | |a ocm23290180 | |
| 040 | |a RQN |c RQN |d HLS | ||
| 090 | |a F2537.B23 |b V61 | ||
| 100 | 2 | |a Viana Filho, Luís, |d 1908- | |
| 245 | 0 | 2 | |a A vida de Rui Barbosa. |
| 260 | |a S. Paulo [etc.] |b Companhia editora nacional, |c 1941. | ||
| 300 | |a 4 p. ℓ., 301 p. |b front., ports., facsims. |c 22 cm. | ||
| 490 | 1 | |a Biblioteca do espírito moderno. Série 3a., História e biografia ; |v v. 17 | |
| 600 | 1 | 0 | |a Barbosa, Ruy, |d 1849-1923. |
| 830 | 0 | |a Biblioteca do espírito moderno. |n Série 3a., |p História e biografia ; |v v. 17. | |
| 988 | |a 20020608 | ||
| 906 | |0 OCLC | ||


